Statistics for Languages of Sweden

Click here to take the quiz!

General Stats

  • This quiz has been taken 72 times
  • The average score is 12 of 20

Answer Stats

Native SpeakersLanguage% Correct
9,200,000Swedish
98%
200,000Finnish
92%
57,000Danish
85%
54,000English
85%
52,000Norwegian
85%
400,000Arabic
80%
72,000German
79%
76,000Polish
77%
29,000Russian
77%
75,000Spanish
77%
45,000Turkish
56%
130,000Serbo-Croatian
52%
74,000Persian
51%
53,000Somali
44%
30,000Thai
33%
24,000Hungarian
30%
84,000Kurdish
28%
39,000Albanian
26%
20,000Cantonese
11%
52,000Aramaic
3%

Score Distribution

Percentile by Number Answered

Percent of People with Each Score

Your Score History

You have not taken this quiz